000 01046nam a2200229Ia 4500
003 OSt
005 20210909160629.0
008 210310s1992 ck ad gr 000 0 spa d
040 _aCO-JMCR
_cCO-JMCR
041 0 _aspa
082 0 4 _a339.30986 /
_bC313c
_223
100 1 _aCarrasco Pinzón, Néstor,
_917560
_eautor
245 1 0 _aCuentas departamentales de Colombia :
_b1980-1989 /
_c[publicación elaborada por: Néstor Carrasco Pinzón, Edgar Forero Medina, Marco Tulio Mahecha Ordóñez [y otros 2]]
260 _aBogotá :
_bDANE,
_c1992
300 _a235 páginas :
_bilustraciones y gráficas a blanco y negro ;
_c28 cm.
505 0 _aMétodos de estimación -- Producto interno bruto total y por habitante y actividades económicas -- Principales resultados por departamentos
650 1 4 _aRentas nacionales
_917562
_y1980-1989
_zColombia
650 2 4 _aProducto nacional bruto
_y1980-1989
_zColombia
_940213
700 1 _aForero Medina, Edgar,
_eautor
_940214
700 1 _aMahecha Ordóñez, Marco Tulio,
_eautor
_940215
942 _2ddc
_cBK
999 _c8537
_d8537